Guía para observar la conducta del escolar

Guardat en:
Dades bibliogràfiques
Autors principals: Cohen, Dorothy H (Autor), Stern, Virginia (Autor)
Format: Llibre
Idioma:espanyol
Publicat: Buenos Aires Paidós 1965
Col·lecció:Biblioteca del educador contemporáneo, 24
Matèries:
Etiquetes: Afegir etiqueta
Sense etiquetes, Sigues el primer a etiquetar aquest registre!

MARC

LEADER 00000nam a2200000 a 4500
001 UCZ0513
003 CL-VaPUC
008 950728e19650000AG |||||||||||||||||spa|d
082 0 4 |a 370.15  |b COH  |2 21 
100 |a Cohen, Dorothy H  |e author  |9 530947 
700 0 |a Stern, Virginia  |e author  |9 343429 
245 1 0 |a Guía para observar la conducta del escolar 
300 |a 127 p 
942 |c BK 
945 |d 19950728 00:00:00  |a cmena 
260 |a Buenos Aires  |b Paidós  |c 1965 
650 0 |a Psicología educacional   |9 307830 
650 0 |a Psicología aplicada   |9 270762 
650 0 |a Alumnos   |9 335074 
650 0 |a Rol del docente  |9 329733 
650 7 |a GUIAS  |2 CL-VaPUC  |9 343430 
650 7 |a COMPORTAMIENTO DEL ALUMNO  |2 CL-VaPUC  |9 338060 
650 0 |a Disciplina escolar  |9 271077 
650 0 |a Relaciones interpersonales  |9 307056 
583 |a last modification  |c 19950728 00:00:00  |k Rodrigo Vera 
490 0 |a Biblioteca del educador contemporáneo, 24 
999 |c 237434  |d 237432 
952 |0 0  |1 0  |4 0  |6 370_150000000000000_COH_1965  |7 0  |8 A  |9 246501  |a BIBEDU  |b BIBEDU  |d 2019-11-18  |i 1544675  |o 370.15 COH 1965  |p 1544675  |r 2019-11-18  |w 2019-11-18  |y BK  |k EDU 
952 |0 0  |1 0  |4 0  |6 370_150000000000000_COH_1965  |7 0  |8 A  |9 246502  |a BIBEDU  |b BIBEDU  |d 2019-11-18  |i 1544683  |o 370.15 COH 1965  |p 1544683  |r 2019-11-18  |w 2019-11-18  |y BK  |k EDU 
952 |0 0  |1 0  |4 0  |6 370_150000000000000_COH_1965  |7 0  |8 A  |9 246503  |a BIBEDU  |b BIBEDU  |d 2019-11-18  |i 1544691  |o 370.15 COH 1965  |p 1544691  |r 2019-11-18  |w 2019-11-18  |y BK  |k EDU